000 00649nam a22002417a 4500
003 UA-OsUOA
001 32232
007 ta
008 20050127b un ||||| |||| 00| 0 ukr d
090 _a141.82
_bП78
942 _cBK
040 _aUA-OsUOA
_bukr
_cUA-OsUOA
_dUA-OsUOA
245 _aПро Леніна
_bДля роботи з учнями IV-VII класів
_cРед. А. Т.Кінкулькін
300 _a407 с.
_bІлюстрації
955 _a0
041 _aukr
080 _a141.82
260 _aКиїв
_bРадянська школа
_c1982
246 3 1 _aКн. 2
_n
044 _aUA
650 7 _2UDC
999 _c318671
_d318671